00680nam a2200169 a 450000100100000000500170001000800410002704000250006808200160009311000630010924500780017226000930025030000270034304900090037095201140037999900170049300003111020200930062718.0110613s1994 dr a 000 0 spa d aDO-SdBNPbspacBNPHU axxxxbR426c1 aRepública Dominicana.bVeterinarios sin Fronteras95758710aCuida tu caballo :bmanual sobre el manejo y enfermedades de los equipos. aSanto Domingo :bCentro de Solidaridad para el Desarrollo de la Mujer (Ce-Mujer),c1994. a24 p. :bil. ;c27 cm. aBNPD 0010718PDaPDbPDcCTd2011-06-13iLF1l0oxxxx R426cp31110-10r2020-06-25w2020-06-25yLFPDZNo se presta c30602d30602